Holy writings, sacred text : (Record no. 9312)

MARC details
000 -LEADER
fixed length control field 01894cam a2200373 i 4500
001 - CONTROL NUMBER
control field 37695704
003 - CONTROL NUMBER IDENTIFIER
control field OCoLC
005 - DATE AND TIME OF LATEST TRANSACTION
control field 20241126110709.0
008 - FIXED-LENGTH DATA ELEMENTS--GENERAL INFORMATION
fixed length control field 970911r19981997kyu b 001 0 eng
010 ## -
-- 97041413
020 ## - INTERNATIONAL STANDARD BOOK NUMBER
International Standard Book Number 066425778X
Qualifying information (pbk. ;
-- alk. paper)
020 ## - INTERNATIONAL STANDARD BOOK NUMBER
International Standard Book Number 9780664257781
Qualifying information (pbk. ;
-- alk. paper)
035 ## - SYSTEM CONTROL NUMBER
System control number tcgc237259
035 ## - SYSTEM CONTROL NUMBER
System control number (OCoLC)37695704
Canceled/invalid control number (OCoLC)1244478064
040 ## - CATALOGING SOURCE
Original cataloging agency DLC
Language of cataloging eng
Transcribing agency DLC
Modifying agency BAKER
-- NLGGC
-- BTCTA
-- YDXCP
-- OCLCG
-- PRK
-- VLB
-- BDX
-- OCLCO
-- OCLCQ
-- OCLCF
-- OCLCO
050 00 -
-- BS465
-- .B36 1998
082 00 - DEWEY DECIMAL CLASSIFICATION NUMBER
Classification number 220.12
Edition information 21
Item number BAR
100 1# - MAIN ENTRY--PERSONAL NAME
Personal name Barton, John,
Dates associated with a name 1948-
9 (RLIN) 15812
240 10 -
-- Spirit and the letter
245 10 - TITLE STATEMENT
Title Holy writings, sacred text :
Remainder of title the canon in early Christianity /
Statement of responsibility, etc. John Barton.
250 ## - EDITION STATEMENT
Edition statement 1st American ed.
260 ## - PUBLICATION, DISTRIBUTION, ETC.
Place of publication, distribution, etc. Louisville, Ky. :
Name of publisher, distributor, etc. Westminster John Knox Press,
Date of publication, distribution, etc. [1998]
300 ## - PHYSICAL DESCRIPTION
Extent xiii, 210 pages ;
Dimensions 22 cm
336 ## - CONTENT TYPE
Content type term text
Content type code txt
Source rdacontent
337 ## - MEDIA TYPE
Media type term unmediated
Media type code n
Source rdamedia
338 ## - CARRIER TYPE
Carrier type term volume
Carrier type code nc
Source rdacarrier
500 ## - GENERAL NOTE
General note Originally published: The spirit and the letter. London : Society for Promoting Christian Knowledge, 1997.
504 ## - BIBLIOGRAPHY, ETC. NOTE
Bibliography, etc. note Includes bibliographical references (pages 195-203) and indexes.
505 0# - FORMATTED CONTENTS NOTE
Formatted contents note The origins of the canon : an imaginary problem? -- Marcion revisited -- Two testaments, one Bible -- 'Writings of holiness' -- Canon and meaning.
520 1# - SUMMARY, ETC.
Summary, etc. "In this book John Barton examines the complex relationship between the canonical texts of the Old and New Testaments. He pays particular attention to historical questions - How did the biblical canon develop? How did the church come to accept as authoritative a New Testament containing no more and no less than 27 books? Why did the church place alongside these books the Hebrew Scriptures?"--Jacket.
630 00 - SUBJECT ADDED ENTRY--UNIFORM TITLE
Uniform title Bible
General subdivision Canon.
9 (RLIN) 2000
630 00 - SUBJECT ADDED ENTRY--UNIFORM TITLE
Uniform title Bible
General subdivision Evidences, authority, etc.
9 (RLIN) 351
942 ## - ADDED ENTRY ELEMENTS (KOHA)
Source of classification or shelving scheme Dewey Decimal Classification
Koha item type Books
Koha issues (borrowed), all copies 2
Holdings
Withdrawn status Lost status Source of classification or shelving scheme Damaged status Not for loan Home library Current Library Shelving location Date acquired Total checkouts Total renewals Full call number Barcode Date last seen Date last checked out Copy number Price effective from Koha item type
    Dewey Decimal Classification     GRACE BIBLE COLLEGE GRACE BIBLE COLLEGE Biblical Studies 2022-10-04 3 1 220.12 BAR 015786 2026-02-13 2026-02-02 c.1 2022-10-04 Books
© Grace Bible College Library 2025